01437nam a2200361Ia 4500001001200000003000800012006001900020007001500039008004100054010001700095020001800112020001500130040002100145035002100166050002200187245015800209260005900367300003300426504006600459533015200525650002000677650001900697650002100716650002000737650001600757650002400773650004000797655002900837700002500866700004100891710001700932856012600949ebr10288744CaPaEBRm u cr cn|||||||||080822s2009 enkab sb 001 0 eng d z 2008037164 z9780754673866 z0754673863 aCaPaEBRcCaPaEBR a(OCoLC)43459393814aK213b.D58 2009eb00aDiversity and tolerance in socio-legal contextsh[electronic resource] :bexplorations in the semiotics of law /cedited by Anne Wagner, Vijay K. Bhatia. aFarnham, England ;aBurlington, VT :bAshgate,cc2009. axviii, 250 p. :bill., maps. aIncludes bibliographical references (p. [221]-241) and index. aElectronic reproduction.bPalo Alto, Calif. :cebrary,d2009.nAvailable via World Wide Web.nAccess may be limited to ebrary affiliated libraries. 0aSemiotics (Law) 0aLawxLanguage. 0aLawxPhilosophy. 0aSemantics (Law) 0aToleration. 0aCultural pluralism. 0aDiscourse analysisxSocial aspects. 7aElectronic books.2local1 aWagner, Anne,d1968-1 aBhatia, V. K.q(Vijay Kumar),d1942-2 aebrary, Inc.40uhttp://site.ebrary.com/lib/rucke/Doc?id=10288744zAn electronic book accessible through the World Wide Web; click to view